000 00410nam a2200169 a 4500
001 0480
005 20140414131913.0
008 040117s19uu xx 00 eng d
020 _a0-7214-1978-X
050 _aER
_bH34 1998
100 _aLeplar, Anna
245 _aHeidi /
_cAnna Leplar,.
260 _aU.K :
_bLadybird,
_c1998.
300 _a43 p . ; cm.
440 _aRead it yourself
999 _c111302
_d111302